[Event "Belt and Road Hunan op-B"]
[Site "Changsha"]
[Date "2019.08.01"]
[Round "7"]
[White "Shen, Shiyan"]
[Black "Gu, Xiaobing"]
[Result "0-1"]
[WhiteElo "2170"]
[BlackElo "2314"]
[PlyCount "102"]
[EventDate "2019.07.29"]
[EventType "swiss"]
[EventRounds "9"]
[EventCountry "CHN"]
[SourceTitle "EXT 2020"]
[Source "ChessBase"]
[SourceDate "2019.10.17"]
[SourceVersion "1"]
[SourceVersionDate "2019.10.17"]
[SourceQuality "1"]

1. e4 e5 2. Nc3 Nf6 3. g3 Bc5 4. Bg2 c6 5. Nf3 d5 6. 0-0 dxe4 7. Ng5 Bb6 8. Ngxe4 Nxe4 9. Nxe4 f5 10. Nc3 0-0 11. Na4 Bc7 12. d3 Nd7 13. f4 Nf6 14. Kh1 Ng4 15. Nc3 exf4 16. Bxf4 Bxf4 17. Rxf4 Re8 18. Qd2 Qg5 19. Bf3 h5 20. Bxg4 hxg4 21. Rf2 Qf6 22. Re1 Bd7 23. Rfe2 Rxe2 24. Rxe2 c5 25. Qf4 Bc6+ 26. Kg1 b6 27. Qe5 Rf8 28. Qe6+ Kh7 29. Qxf6 Rxf6 30. Re7 a5 31. Ne2 Kh6 32. d4 Rd6 33. Nf4 g5 34. Ne6 Bd5 35. Ng7 Kg6 36. dxc5 bxc5 37. Ne8 Rd8 38. Nc7 Bxa2 39. Re2 Rd1+ 40. Kf2 Bc4 41. Re5 Rf1+ 42. Kg2 f4 43. gxf4 gxf4 44. Rxc5 f3+ 45. Kg3 Rg1+ 46. Kf2 Rg2+ 47. Ke3 Re2+ 48. Kd4 f2 49. Rc6+ Kg7 50. Ne8+ Rxe8 51. Rc7+ Bf7 0-1

[Event "Belt and Road Hunan op-B"]
[Site "Changsha"]
[Date "2019.07.30"]
[Round "3"]
[White "Shen, Shiyan"]
[Black "Hou, Yifan B"]
[Result "0-1"]
[WhiteElo "2170"]
[BlackElo "2024"]
[PlyCount "124"]
[EventDate "2019.07.29"]
[EventType "swiss"]
[EventRounds "9"]
[EventCountry "CHN"]
[SourceTitle "EXT 2020"]
[Source "ChessBase"]
[SourceDate "2019.10.17"]
[SourceVersion "1"]
[SourceVersionDate "2019.10.17"]
[SourceQuality "1"]

1. e4 c5 2. Nf3 Nc6 3. d4 cxd4 4. Nxd4 Qc7 5. Nc3 e6 6. Be2 a6 7. 0-0 Nf6 8. Be3 Be7 9. Kh1 0-0 10. f4 d6 11. Bf3 Re8 12. a4 Bd7 13. Qe2 Nxd4 14. Bxd4 e5 15. Be3 exf4 16. Bxf4 Be6 17. e5 Bc4 18. exd6 Qc8 19. Qf2 Bxf1 20. Rxf1 Bd8 21. Qd4 Qd7 22. Bg3 Rc8 23. Qa7 Ba5 24. Nd5 Rxc2 25. b4 Bd8 26. Nxf6+ Bxf6 27. Qxb7 Qxb7 28. Bxb7 Rb8 29. Bxa6 Rxb4 30. Re1 g6 31. Bb5 h5 32. h3 h4 33. Bh2 Rcb2 34. Re8+ Kg7 35. Be5 Rb1+ 36. Kh2 Bxe5+ 37. Rxe5 Rd1 38. d7 Rbb1 39. g4 Rb2+ 40. Re2 Rxe2+ 41. Bxe2 Rxd7 42. Kg2 Rd2 43. Kf3 Ra2 44. Bb5 Kf6 45. Be8 Ra3+ 46. Kg2 g5 47. Kh2 Ra2+ 48. Kg1 Ke7 49. Bb5 Kd6 50. Kh1 Ke5 51. Bc4 Ra1+ 52. Kg2 f6 53. Bb5 Kf4 54. Bc6 Ra2+ 55. Kf1 Kg3 56. Ke1 Kxh3 57. Kd1 Kg3 58. Kc1 h3 59. Kb1 Rg2 60. a5 h2 61. Bxg2 Kxg2 62. a6 h1Q+ 0-1

[Event "CHN-chB"]
[Site "Hangzhou"]
[Date "2019.07.05"]
[Round "8"]
[White "Zhou, Yibo"]
[Black "Shen, Shiyan"]
[Result "1-0"]
[WhiteElo "1922"]
[BlackElo "2170"]
[PlyCount "103"]
[EventDate "2019.07.02"]
[EventType "swiss"]
[EventRounds "11"]
[EventCountry "CHN"]
[SourceTitle "CBM 191 Extra"]
[Source "ChessBase"]
[SourceDate "2019.09.30"]
[SourceVersion "1"]
[SourceVersionDate "2019.09.30"]
[SourceQuality "1"]

1. Nf3 c5 2. c4 Nc6 3. d4 cxd4 4. Nxd4 g6 5. e4 Bg7 6. Be3 Nf6 7. Nc3 Ng4 8. Qxg4 Nxd4 9. Qd1 Nc6 10. Be2 d6 11. Qd2 Qa5 12. Bh6 0-0 13. h4 Bxh6 14. Qxh6 Qe5 15. h5 g5 16. g3 Qg7 17. Qxg7+ Kxg7 18. h6+ Kh8 19. 0-0-0 Be6 20. Rh5 f6 21. b3 Rg8 22. Re1 Nd4 23. Rhh1 a6 24. Nd5 Rab8 25. Nb6 Rgd8 26. Kb2 Bd7 27. Kc3 e5 28. Bh5 Bc6 29. Bf7 f5 30. Bd5 fxe4 31. Rxe4 Rf8 32. Rh5 Rxf2 33. Rxg5 Rbf8 34. Reg4 Bxd5 35. Nxd5 Ne6 36. Rg7 R2f7 37. Rxf7 Rxf7 38. Kb4 Nc5 39. Ka5 Nd7 40. a4 Nc5 41. b4 Nd7 42. Rg5 e4 43. Rg4 e3 44. Re4 Ne5 45. c5 e2 46. b5 axb5 47. Rxe2 Rf5 48. axb5 Rg5 49. Nf6 Rf5 50. cxd6 Nc4+ 51. Ka4 Nxd6 52. Re6 1-0

[Event "Wch U12"]
[Site "Santiago de Compostela"]
[Date "2018.11.07"]
[Round "3"]
[White "Suleymanli, Suleyman"]
[Black "Shen, Shiyan"]
[Result "1/2-1/2"]
[WhiteElo "1882"]
[BlackElo "2187"]
[PlyCount "101"]
[EventDate "2018.11.04"]
[EventType "swiss"]
[EventRounds "11"]
[EventCountry "ESP"]
[SourceTitle "EXT 2022"]
[Source "ChessBase"]
[SourceDate "2021.10.06"]
[SourceVersion "1"]
[SourceVersionDate "2021.10.06"]
[SourceQuality "1"]

1. d4 Nf6 2. Bg5 d5 3. Bxf6 exf6 4. e3 g6 5. Nf3 Bg7 6. Bd3 c6 7. c3 Be6 8. Nbd2 f5 9. Qb3 Qc7 10. c4 Nd7 11. 0-0 0-0 12. Rac1 Rac8 13. cxd5 Bxd5 14. Bc4 Nb6 15. Bxd5 Nxd5 16. Nc4 Rfd8 17. Rfd1 f6 18. Ne1 Qf7 19. Nd3 Bf8 20. h3 Nb6 21. Na5 Qxb3 22. Nxb3 Kf7 23. Nbc5 Rc7 24. Rc2 Bxc5 25. Nxc5 Nd7 26. Nd3 Nf8 27. Rdc1 Ne6 28. Nc5 Rd5 29. b4 Nxc5 30. bxc5 Ke7 31. g3 Kd8 32. Rb2 Kc8 33. a4 Re7 34. a5 a6 35. Rc3 g5 36. f4 gxf4 37. gxf4 Rg7+ 38. Rg2 Rdd7 39. Rcc2 Rde7 40. Rxg7 Rxg7+ 41. Kf2 Kd7 42. Rb2 Ke6 43. Rb3 Kd5 44. Rb2 h5 45. Rb1 h4 46. Rb2 Ke4 47. Rb3 Kd5 48. Rb2 Kc4 49. Rb1 Kc3 50. Rb6 Kd3 51. Rb2 1/2-1/2

[Event "China zt 3.5"]
[Site "Daqing"]
[Date "2018.08.20"]
[Round "11"]
[White "Zhu, Yi"]
[Black "Shen, Shiyan"]
[Result "0-1"]
[WhiteElo "2356"]
[BlackElo "2141"]
[PlyCount "82"]
[EventDate "2018.08.13"]
[EventType "swiss"]
[EventRounds "11"]
[EventCountry "CHN"]
[SourceTitle "CBM 186 Extra"]
[Source "ChessBase"]
[SourceDate "2018.08.24"]
[SourceVersion "1"]
[SourceVersionDate "2018.08.24"]
[SourceQuality "1"]

1. d4 Nf6 2. c4 g6 3. Nc3 Bg7 4. e4 d6 5. Be2 0-0 6. h4 e5 7. d5 h5 8. f3 Nh7 9. g4 Bf6 10. g5 Bg7 11. Be3 Na6 12. Qd2 Nc5 13. b4 Nd7 14. c5 a6 15. a4 Re8 16. cxd6 cxd6 17. a5 b5 18. 0-0-0 Bb7 19. Nh3 Qe7 20. Kb2 Rac8 21. Rc1 Nhf8 22. Bd3 Nb8 23. Ng1 Nfd7 24. Nge2 Rc7 25. Kb3 Rec8 26. Ng3 Qe8 27. Bf1 Qe7 28. Bb6 Nxb6 29. axb6 Rd7 30. Bh3 Rc4 31. Nb1 Rd4 32. Qc3 a5 33. bxa5 Na6 34. Bf1 Nc5+ 35. Kc2 b4 36. Qe3 Rd8 37. Nd2 Qe8 38. Nb3 Rc8 39. Kb2 Na4+ 40. Kb1 Nc3+ 41. Kb2 Qa4 0-1

[Event "China zt 3.5"]
[Site "Daqing"]
[Date "2018.08.15"]
[Round "4"]
[White "Wang, Shixu B"]
[Black "Shen, Shiyan"]
[Result "1-0"]
[WhiteElo "2302"]
[BlackElo "2141"]
[PlyCount "83"]
[EventDate "2018.08.13"]
[EventType "swiss"]
[EventRounds "11"]
[EventCountry "CHN"]
[SourceTitle "CBM 186 Extra"]
[Source "ChessBase"]
[SourceDate "2018.08.24"]
[SourceVersion "1"]
[SourceVersionDate "2018.08.24"]
[SourceQuality "1"]

1. d4 Nf6 2. c4 e6 3. Nc3 d5 4. cxd5 exd5 5. Bg5 c6 6. e3 Bf5 7. Qf3 Bg6 8. Bxf6 Qxf6 9. Qxf6 gxf6 10. Nf3 Nd7 11. Nh4 Bb4 12. a3 Be7 13. g3 Nb6 14. Rc1 h5 15. f4 f5 16. Bd3 Bxh4 17. gxh4 Ke7 18. Rg1 Kf6 19. Kd2 Rae8 20. b4 Re6 21. b5 Rc8 22. a4 c5 23. a5 cxd4 24. exd4 Nc4+ 25. Bxc4 dxc4 26. Kc2 Kg7 27. Kb2 Re3 28. Rg3 Rce8 29. Rcg1 R3e6 30. Ka3 Rd6 31. Rd1 Red8 32. d5 b6 33. a6 Kh6 34. Re3 R6d7 35. Kb4 f6 36. Kxc4 Bf7 37. Kb4 Bxd5 38. Red3 Be6 39. Rxd7 Rxd7 40. Rxd7 Bxd7 41. Nd5 Be6 42. Ne7 1-0

[Event "CHN-chB"]
[Site "Jiangmen"]
[Date "2018.07.21"]
[Round "7"]
[White "Gao, Mingze"]
[Black "Shen, Shiyan"]
[Result "1-0"]
[WhiteElo "1975"]
[BlackElo "2233"]
[PlyCount "85"]
[EventDate "2018.07.18"]
[EventType "swiss"]
[EventRounds "11"]
[EventCountry "CHN"]
[SourceTitle "CBM 185 Extra"]
[Source "ChessBase"]
[SourceDate "2018.07.29"]
[SourceVersion "1"]
[SourceVersionDate "2018.07.29"]
[SourceQuality "1"]

1. e4 c5 2. Nf3 d6 3. d4 cxd4 4. Nxd4 Nf6 5. Nc3 a6 6. Bg5 Nbd7 7. Bc4 Qb6 8. 0-0 e6 9. Bxe6 fxe6 10. Nxe6 Nc5 11. Nxc5 Qxc5 12. Bxf6 gxf6 13. Nd5 Be6 14. b4 Qc6 15. Nxf6+ Kd8 16. Nd5 Bxd5 17. exd5 Qd7 18. c4 Rg8 19. Re1 Qg4 20. g3 Qxd1 21. Raxd1 Kd7 22. a4 Re8 23. Rxe8 Kxe8 24. f4 Kd7 25. Re1 Bg7 26. Re4 Rf8 27. Kg2 Rf7 28. g4 Bc3 29. b5 Kc7 30. g5 Kb6 31. Kg3 Kc5 32. Kg4 Bd4 33. bxa6 bxa6 34. Re6 h5+ 35. gxh6 Rd7 36. f5 Kxc4 37. f6 Rf7 38. Rxd6 Rxf6 39. Rxf6 Bxf6 40. Kf5 Ba1 41. d6 Bd4 42. d7 Bb6 43. h7 1-0

[Event "CHN-chT"]
[Site "Hangzhou"]
[Date "2018.06.20"]
[Round "2.8"]
[White "Lu, Kaiyan"]
[Black "Shen, Shiyan"]
[Result "0-1"]
[WhiteElo "1644"]
[BlackElo "2184"]
[PlyCount "88"]
[EventDate "2018.06.19"]
[EventType "team-swiss"]
[EventRounds "9"]
[EventCountry "CHN"]
[SourceTitle "CBM 185 Extra"]
[Source "ChessBase"]
[SourceDate "2018.07.29"]
[SourceVersion "1"]
[SourceVersionDate "2018.07.29"]
[SourceQuality "1"]
[WhiteTeam "Shanxi"]
[BlackTeam "Zhejiang"]
[WhiteTeamCountry "CHN"]
[BlackTeamCountry "CHN"]

1. e4 c5 2. Nf3 d6 3. d4 cxd4 4. Nxd4 Nf6 5. Nc3 a6 6. Be2 e5 7. Nb3 Be7 8. Be3 0-0 9. g4 Be6 10. g5 Nfd7 11. Qd2 Nc6 12. 0-0-0 a5 13. Kb1 a4 14. Nc1 Nc5 15. h4 a3 16. b3 Qa5 17. h5 f5 18. exf5 Bxf5 19. Bc4+ Be6 20. Nd5 Qxd2 21. Rxd2 Bd8 22. Bxc5 dxc5 23. Nf6+ gxf6 24. Bxe6+ Kh8 25. g6 Nd4 26. Bd5 Ba5 27. Rd3 hxg6 28. hxg6+ Kg7 29. Rh7+ Kxg6 30. Rdh3 Bd2 31. Nd3 Rad8 32. c4 b5 33. Nxc5 bxc4 34. Bxc4 Rc8 35. Ne4 Rxc4 36. Nxd2 Rc2 37. R7h6+ Kf5 38. R6h5+ Ke6 39. Nc4 Rg8 40. Rh1 Rxf2 41. Nxa3 Rgg2 42. Nc4 Nb5 43. R5h3 Rc2 44. Rc1 Na3+ 0-1

[Event "Longtou Cup 1st"]
[Site "Qinhuangdao"]
[Date "2018.06.04"]
[Round "9.13"]
[White "Shen, Shiyan"]
[Black "Peng, Xiongjian"]
[Result "0-1"]
[WhiteElo "2184"]
[BlackElo "2427"]
[PlyCount "62"]
[EventDate "2018.05.26"]
[EventType "swiss"]
[EventRounds "9"]
[EventCountry "CHN"]
[SourceTitle "CBM 184 Extra"]
[Source "ChessBase"]
[SourceDate "2018.06.28"]
[SourceVersion "1"]
[SourceVersionDate "2018.06.28"]
[SourceQuality "1"]

1. e4 a6 2. c4 e5 3. Nf3 Nc6 4. d4 exd4 5. Nxd4 Bc5 6. Nf5 g6 7. Ne3 Nf6 8. Bd3 d6 9. Nc3 h5 10. h3 Ne5 11. b3 c6 12. f4 Nxd3+ 13. Qxd3 0-0 14. Bb2 Re8 15. 0-0-0 Qa5 16. Nc2 b5 17. b4 Bxb4 18. Qd4 Re6 19. Nxb4 c5 20. Qd3 cxb4 21. Nd5 bxc4 22. Nxf6+ Rxf6 23. Qd4 c3 24. Qxf6 Bb7 25. Rd4 cxb2+ 26. Kb1 b3 27. Kxb2 Qxa2+ 28. Kc3 Qc2+ 29. Kb4 a5+ 30. Ka4 Bc6+ 31. Ka3 Qa2# 0-1

[Event "Longtou Cup 1st"]
[Site "Qinhuangdao"]
[Date "2018.06.01"]
[Round "6"]
[White "Zhao, Yuanhe"]
[Black "Shen, Shiyan"]
[Result "1-0"]
[WhiteElo "2377"]
[BlackElo "2184"]
[PlyCount "87"]
[EventDate "2018.05.26"]
[EventType "swiss"]
[EventRounds "9"]
[EventCountry "CHN"]
[SourceTitle "CBM 184 Extra"]
[Source "ChessBase"]
[SourceDate "2018.06.28"]
[SourceVersion "1"]
[SourceVersionDate "2018.06.28"]
[SourceQuality "1"]

1. Nf3 c5 2. c4 Nc6 3. Nc3 g6 4. g3 Bg7 5. Bg2 e5 6. 0-0 Nge7 7. d3 0-0 8. a3 d6 9. Rb1 a5 10. Bd2 h6 11. Ne1 Be6 12. Nd5 a4 13. e3 f5 14. b3 axb3 15. Rxb3 Bxd5 16. cxd5 Na5 17. Rb5 b6 18. Nc2 Nb7 19. Qb1 Nc8 20. Qb3 Ra6 21. Rb1 g5 22. a4 Qd7 23. Na3 Bf6 24. Nc4 Bd8 25. Qd1 Qe8 26. e4 Na7 27. R5b2 Nc8 28. Bh3 Rxa4 29. Bxf5 Rxf5 30. exf5 e4 31. Bc3 Ne7 32. Nxb6 Ra3 33. dxe4 Rxc3 34. Qa4 Kf7 35. Qa7 Qh8 36. Na4 Ra3 37. Rxb7 Qd4 38. Qb8 Rf3 39. Rf1 Qxa4 40. Qxd8 Qxe4 41. Qxd6 Rxf5 42. Qxc5 Kf8 43. Qd6 Rxd5 44. Rxe7 1-0

[Event "Longtou Cup 1st"]
[Site "Qinhuangdao"]
[Date "2018.05.27"]
[Round "2"]
[White "Khademalsharieh, Sarasadat"]
[Black "Shen, Shiyan"]
[Result "1/2-1/2"]
[WhiteElo "2425"]
[BlackElo "2184"]
[PlyCount "69"]
[EventDate "2018.05.26"]
[EventType "swiss"]
[EventRounds "9"]
[EventCountry "CHN"]
[SourceTitle "CBM 184 Extra"]
[Source "ChessBase"]
[SourceDate "2018.06.28"]
[SourceVersion "1"]
[SourceVersionDate "2018.06.28"]
[SourceQuality "1"]

1. d4 Nf6 2. c4 g6 3. g3 Bg7 4. Bg2 0-0 5. Nc3 d6 6. Nf3 Nc6 7. 0-0 a6 8. d5 Na5 9. b3 Bf5 10. Bb2 Qd7 11. Qd2 c5 12. Rfe1 Bg4 13. e4 Bxf3 14. Bxf3 b5 15. Ne2 Qc7 16. Bc3 Nb7 17. Bg2 Nd7 18. f4 Rab8 19. Bxg7 Kxg7 20. Rac1 Qa5 21. Qb2+ Kg8 22. e5 Nb6 23. cxb5 axb5 24. Nc3 b4 25. Ne4 Ra8 26. exd6 Nxd6 27. Rxc5 Qxa2 28. Qxa2 Rxa2 29. Nxd6 exd6 30. Rb5 Nd7 31. Rxb4 Rc8 32. Rb7 Nf6 33. Rb6 Rcc2 34. Bf3 Ng4 35. Bxg4 1/2-1/2

[Event "North American op 27th"]
[Site "Las Vegas"]
[Date "2017.12.28"]
[Round "6"]
[White "Kavutskiy, Konstantin"]
[Black "Shen, Shiyan"]
[Result "1/2-1/2"]
[WhiteElo "2369"]
[BlackElo "2019"]
[PlyCount "141"]
[EventDate "2017.12.26"]
[EventType "swiss"]
[EventRounds "9"]
[EventCountry "USA"]
[SourceTitle "CBM 182 Extra"]
[Source "ChessBase"]
[SourceDate "2018.02.23"]
[SourceVersion "1"]
[SourceVersionDate "2018.02.23"]
[SourceQuality "1"]

1. d4 Nf6 2. c4 e6 3. Nc3 Bb4 4. Qc2 d5 5. cxd5 exd5 6. Bg5 0-0 7. e3 h6 8. Bh4 c6 9. Bd3 Be7 10. Nge2 Be6 11. 0-0 Nbd7 12. Rad1 Rc8 13. f3 c5 14. Nf4 cxd4 15. exd4 Bd6 16. Nxe6 fxe6 17. f4 a6 18. Qe2 Re8 19. g4 Bxf4 20. Rxf4 g5 21. Rxf6 Qxf6 22. Bf2 b5 23. a3 Rf8 24. Re1 Rce8 25. Kg2 Nb8 26. Qe3 Nc6 27. Bg1 Qg7 28. Rf1 Rxf1 29. Bxf1 Qf7 30. Qf2 Qxf2+ 31. Bxf2 Na5 32. b4 Nb7 33. a4 bxa4 34. Bxa6 a3 35. Be1 Nd6 36. Na2 e5 37. Bg3 exd4 38. Bxd6 Re6 39. Bc5 Rxa6 40. Bxd4 Re6 41. Kf3 Re4 42. Bc3 Rc4 43. Ke3 Kf7 44. h3 Ke6 45. Kd3 Kd6 46. Bd4 Kc6 47. Bg7 h5 48. gxh5 Rh4 49. h6 Rxh3+ 50. Kd4 g4 51. Nc3 g3 52. b5+ Kb7 53. Ke3 d4+ 54. Bxd4 Rxh6 55. Kf3 Rd6 56. Be5 Rd3+ 57. Kg2 Kb6 58. Kh3 Kc5 59. Kg2 Re3 60. Bg7 Kc4 61. b6 Re7 62. Bf8 Rb7 63. Bxa3 Kxc3 64. Bc5 Kc4 65. Bg1 Rg7 66. Be3 Kb5 67. Bd4 Rd7 68. Bg1 Rg7 69. Bd4 Rd7 70. Bg1 Rg7 71. Bd4 1/2-1/2

[Event "Wch U12"]
[Site "Pocos de Caldas"]
[Date "2017.08.24"]
[Round "4"]
[White "Prestia, Paris"]
[Black "Shen, Shiyan"]
[Result "0-1"]
[WhiteElo "1725"]
[BlackElo "1924"]
[PlyCount "98"]
[EventDate "2017.08.22"]
[EventType "swiss"]
[EventRounds "11"]
[EventCountry "BRA"]
[SourceTitle "CBM 180 Extra"]
[Source "ChessBase"]
[SourceDate "2017.10.06"]
[SourceVersion "1"]
[SourceVersionDate "2017.10.06"]
[SourceQuality "1"]

1. d4 c5 2. d5 f5 3. c4 Nf6 4. Nc3 g6 5. Nf3 Bg7 6. Bf4 d6 7. e3 0-0 8. Qc2 Na6 9. Be2 Nc7 10. a4 b6 11. 0-0 Ba6 12. e4 Nh5 13. Bd2 f4 14. Nb5 Bxb5 15. axb5 Bf6 16. Ra3 a5 17. bxa6 Rxa6 18. Rfa1 Rxa3 19. Rxa3 Qd7 20. b3 Rb8 21. Ra7 Qd8 22. Qc1 Ra8 23. Rxa8 Qxa8 24. Bxf4 Qa2 25. Bd1 Bb2 26. Qd2 Qa1 27. Bg5 Nf6 28. Bxf6 Bxf6 29. g3 Na6 30. Kg2 Nb4 31. Be2 Qb1 32. Ng5 Bxg5 33. Qxg5 Qxe4+ 34. Bf3 Qe5 35. Qh6 Nd3 36. Bg4 Qe4+ 37. f3 Qe2+ 38. Kh3 Nf2+ 39. Kh4 Nxg4 40. Kxg4 Qd3 41. Qf4 Qxb3 42. Qe4 Kf8 43. Qf4+ Ke8 44. Kg5 Qb2 45. Kh6 Qe5 46. Qd2 Kf7 47. g4 Qg7+ 48. Kg5 Qf6+ 49. Kh6 Qh4# 0-1

[Event "CHN-chTB"]
[Site "Qinhuangdao"]
[Date "2017.07.12"]
[Round "5.4"]
[White "Feng, Xuan"]
[Black "Shen, Shiyan"]
[Result "0-1"]
[WhiteElo "1743"]
[BlackElo "2003"]
[PlyCount "112"]
[EventDate "2017.07.10"]
[EventType "team-tourn"]
[EventRounds "11"]
[EventCountry "CHN"]
[SourceTitle "EXT 2018"]
[Source "ChessBase"]
[SourceDate "2017.10.13"]
[SourceVersion "1"]
[SourceVersionDate "2017.10.13"]
[SourceQuality "1"]
[WhiteTeam "Hebei Ticai"]
[BlackTeam "Zhejiang Non Olympic"]
[WhiteTeamCountry "CHN"]
[BlackTeamCountry "CHN"]

1. d4 c5 2. c3 e6 3. Nf3 Nf6 4. Bg5 d5 5. e3 Nbd7 6. Nbd2 Be7 7. Bd3 0-0 8. 0-0 b6 9. Ne5 Nxe5 10. dxe5 Nd7 11. Bxe7 Qxe7 12. f4 c4 13. Bc2 Qc5 14. Rf3 f5 15. Rh3 g6 16. Qe1 Rf7 17. Nf3 Nf8 18. Nd4 Bd7 19. Rf3 Qe7 20. Qd2 Rg7 21. Rc1 Rc8 22. Bd1 a6 23. Bc2 Rc7 24. Rff1 h6 25. Bd1 g5 26. Be2 Ng6 27. b3 b5 28. b4 Rc8 29. Kh1 Kh7 30. Bh5 Rcg8 31. Bxg6+ Rxg6 32. Rf2 Be8 33. Re1 R6g7 34. Ref1 Bh5 35. Nc6 Qe8 36. Nd4 Kh8 37. Qc1 Qe7 38. Qa3 a5 39. Qxa5 Rg6 40. Qxb5 gxf4 41. exf4 Qg7 42. Nxe6 Rxe6 43. Qxd5 Bf7 44. Qd4 Rg6 45. Qd2 Be6 46. a4 Qb7 47. Rd1 R8g7 48. Qe2 Bd5 49. Rg1 Be4 50. Qa2 Qd5 51. Qd2 Rxg2 52. Rgxg2 Rxg2 53. Qxd5 Rxf2+ 54. Qxe4 fxe4 55. e6 Kg7 56. Kg1 Rxf4 0-1

[Event "CHN-chTB"]
[Site "Qinhuangdao"]
[Date "2017.07.12"]
[Round "6.2"]
[White "Shen, Shiyan"]
[Black "Mu, Ke"]
[Result "0-1"]
[WhiteElo "2003"]
[BlackElo "2416"]
[PlyCount "114"]
[EventDate "2017.07.10"]
[EventType "team-tourn"]
[EventRounds "11"]
[EventCountry "CHN"]
[SourceTitle "EXT 2018"]
[Source "ChessBase"]
[SourceDate "2017.10.13"]
[SourceVersion "1"]
[SourceVersionDate "2017.10.13"]
[SourceQuality "1"]
[WhiteTeam "Zhejiang Non Olympic"]
[BlackTeam "Qingdao Qingwei"]
[WhiteTeamCountry "CHN"]
[BlackTeamCountry "CHN"]

1. e4 e6 2. d4 d5 3. Nd2 Be7 4. e5 c5 5. c3 Nc6 6. Bd3 Bd7 7. Ne2 f6 8. f4 Qb6 9. Nf3 Nh6 10. a3 Nf7 11. b4 cxd4 12. cxd4 Rc8 13. Bd2 0-0 14. Qb1 f5 15. h3 Nh6 16. g4 Be8 17. Be3 Kh8 18. g5 Bh5 19. Kf2 Ng8 20. Qb2 Na5 21. Nd2 Bxe2 22. Bxe2 Nc4 23. Nxc4 dxc4 24. Rhc1 Bxg5 25. Bxc4 Bh4+ 26. Kg1 Ne7 27. Qb3 Qc6 28. Bf1 Qf3 29. Rxc8 Rxc8 30. Qd3 Nd5 31. Qe2 Qxe3+ 32. Qxe3 Nxe3 33. Be2 b6 34. Bf3 h6 35. a4 a5 36. bxa5 bxa5 37. Bh5 g6 38. Bf3 h5 39. Rb1 Bg3 40. h4 Kg7 41. Ra1 Rc4 42. Rb1 Rxa4 43. Rc1 Rxd4 44. Rc7+ Kh6 45. Rc8 Rb4 46. Rc1 a4 47. Be2 a3 48. Bd3 a2 49. Ra1 Rb2 50. Kh1 Rd2 51. Bf1 Rd1 52. Rxd1 Nxd1 53. Kg2 Bxh4 54. Kf3 a1Q 55. Ke2 Qd4 56. Bg2 Nc3+ 57. Kf1 Qf2# 0-1

[Event "Bai Xue Cup"]
[Site "Ningbo"]
[Date "2017.04.30"]
[Round "5"]
[White "Shen, Shiyan"]
[Black "Chen, Zhi"]
[Result "1-0"]
[WhiteElo "2014"]
[BlackElo "1727"]
[PlyCount "97"]
[EventDate "2017.04.29"]
[EventType "swiss"]
[EventRounds "7"]
[EventCountry "CHN"]
[SourceTitle "EXT 2018"]
[Source "ChessBase"]
[SourceDate "2017.10.13"]
[SourceVersion "1"]
[SourceVersionDate "2017.10.13"]
[SourceQuality "1"]

1. e4 e6 2. d4 d5 3. Nd2 dxe4 4. Nxe4 Be7 5. Bd3 Nf6 6. Ng3 0-0 7. Nf3 b6 8. 0-0 Bb7 9. Qe2 Nbd7 10. Be3 Re8 11. Rad1 Bd6 12. Ne5 Qe7 13. Bg5 h6 14. Nxd7 hxg5 15. Ne5 c5 16. c3 Qc7 17. Bb1 Nd5 18. Qh5 Bxe5 19. dxe5 Qxe5 20. Qh7+ Kf8 21. Nh5 Ke7 22. Rde1 Qd6 23. Nxg7 Qf4 24. Nf5+ Kd8 25. Qxf7 Qc7 26. Qg6 Ba6 27. Rxe6 Bb5 28. Rd6+ Kc8 29. Rxd5 Bxf1 30. Nd6+ Qxd6 31. Qxd6 Bb5 32. Re5 Rd8 33. Qe6+ Kb7 34. Be4+ Ka6 35. Bxa8 Rxa8 36. c4 Ba4 37. b3 Re8 38. Qf6 Bc6 39. Rxe8 Bxe8 40. Qe6 Ka5 41. Qe1+ Ka6 42. Qxe8 g4 43. g3 Kb7 44. Qd7+ Kb8 45. Qc6 a5 46. a4 Ka7 47. Qc7+ Ka6 48. Qb8 b5 49. axb5# 1-0

[Event "Asia-chT Cup U14"]
[Site "Jiaxing"]
[Date "2016.11.10"]
[Round "7.14"]
[White "Zuo, Yifan"]
[Black "Shen, Shiyan"]
[Result "0-1"]
[WhiteElo "1919"]
[BlackElo "1907"]
[PlyCount "84"]
[EventDate "2016.11.06"]
[EventType "swiss"]
[EventRounds "9"]
[EventCountry "CHN"]
[SourceTitle "EXT 2021"]
[Source "ChessBase"]
[SourceDate "2020.10.23"]
[SourceVersion "1"]
[SourceVersionDate "2020.10.23"]
[SourceQuality "1"]

1. Nf3 Nf6 2. g3 b6 3. d4 Bb7 4. Bg2 c5 5. c4 cxd4 6. 0-0 e6 7. Qxd4 Be7 8. Nc3 d6 9. b3 0-0 10. Bb2 a6 11. e4 Nbd7 12. Rfe1 Qc7 13. h3 Rfd8 14. Rac1 Rac8 15. Qe3 Bf8 16. Red1 g6 17. Nd4 Bg7 18. f4 Nh5 19. Kh2 Qb8 20. Nde2 Ba8 21. Qd2 Bf8 22. Bf3 Nhf6 23. Nd4 Bh6 24. Nde2 Nc5 25. b4 Ncd7 26. Qxd6 Qxd6 27. Rxd6 Bf8 28. Rd3 Ne5 29. Rxd8 Nxf3+ 30. Kg2 Rxd8 31. Kxf3 Rd3+ 32. Kf2 Bxb4 33. e5 Rf3+ 34. Ke1 Ne4 35. Kd1 Nxg3 36. Nxg3 Rxg3 37. Na4 Bf3+ 38. Kc2 Be4+ 39. Kd1 Rg1+ 40. Ke2 Rg2+ 41. Ke3 Bc6 42. Nc3 Rxb2 0-1

[Event "Wch U10"]
[Site "Batumi"]
[Date "2016.10.30"]
[Round "11"]
[White "Shen, Shiyan"]
[Black "Tugstumur, Yesuntumur"]
[Result "0-1"]
[WhiteElo "1907"]
[BlackElo "2150"]
[PlyCount "148"]
[EventDate "2016.10.19"]
[EventType "swiss"]
[EventRounds "11"]
[EventCountry "GEO"]
[SourceTitle "EXT 2018"]
[Source "ChessBase"]
[SourceDate "2017.10.13"]
[SourceVersion "1"]
[SourceVersionDate "2017.10.13"]
[SourceQuality "1"]

1. e4 c5 2. Ne2 e6 3. d4 cxd4 4. Nxd4 Nc6 5. Nc3 a6 6. a3 Qc7 7. Nb3 Nf6 8. Bd3 Be7 9. 0-0 0-0 10. f4 d6 11. Kh1 b5 12. Qf3 Bb7 13. Bd2 b4 14. Ne2 a5 15. axb4 axb4 16. Qh3 e5 17. Ng3 Rxa1 18. Rxa1 Bc8 19. Nf5 exf4 20. Bxf4 Ne5 21. Bxe5 dxe5 22. Nxe7+ Qxe7 23. Qe3 Ng4 24. Qg3 Be6 25. h3 Bxb3 26. Qxg4 Be6 27. Qe2 Qc5 28. b3 h6 29. Qe1 Rd8 30. Qd2 Kh7 31. Ra4 Rd4 32. Kh2 Qd6 33. Qf2 Qd7 34. Qd2 Qe7 35. Qe3 g6 36. Qg3 Qd6 37. Ra5 Bxb3 38. Qxe5 Qxe5+ 39. Rxe5 Be6 40. Bb5 Kg7 41. Bc6 Rc4 42. Ba4 Kf6 43. Ra5 Rxe4 44. Kg3 Re3+ 45. Kf2 Ra3 46. Ra6 Ke5 47. Bb5 Rxa6 48. Bxa6 Kd4 49. Ke2 Bc4+ 50. Bxc4 Kxc4 51. Kd2 f5 52. g3 g5 53. h4 gxh4 54. gxh4 Kd4 55. h5 f4 56. Ke2 Ke4 57. Kf2 f3 58. Kf1 Ke3 59. Ke1 f2+ 60. Kf1 Kd2 61. Kxf2 Kxc2 62. Ke3 b3 63. Kf4 b2 64. Kf5 b1Q 65. Kg6 Qc1 66. Kf5 Qg5+ 67. Ke4 Qxh5 68. Kf4 Qg5+ 69. Ke4 h5 70. Kd4 h4 71. Ke4 h3 72. Kd4 h2 73. Kc4 h1Q 74. Kd4 Qhh4# 0-1